University Home | Library Home | Institutional Repository

Elderly whites in Grahamstown : (Record no. 182089)

MARC details
000 -LEADER
fixed length control field 00768cam9a220019300 4500
001 - CONTROL NUMBER
control field qce01298887
005 - DATE AND TIME OF LATEST TRANSACTION
control field 20190830100732.0
008 - FIXED-LENGTH DATA ELEMENTS--GENERAL INFORMATION
fixed length control field 801001s1962 sa 000 0 eng d
035 ## - SYSTEM CONTROL NUMBER
System control number (Sirsi) r109174
035 ## - SYSTEM CONTROL NUMBER
System control number (aeQCAT)lss02882003
035 ## - SYSTEM CONTROL NUMBER
System control number (UPRA)qce01298887
040 ## - CATALOGING SOURCE
Modifying agency UPRA
100 1# - MAIN ENTRY--PERSONAL NAME
Personal name Watts, Hilstan Lett, 1929-
Dates associated with a name Watts, Hilstan Lett, 1929-
Linkage A68283.1
245 10 - TITLE STATEMENT
Title Elderly whites in Grahamstown :
Remainder of title a survey of thier socio-economic characteristics, housing needs, and preferences /
Statement of responsibility, etc. by H.L. Watts.
260 ## - PUBLICATION, DISTRIBUTION, ETC.
Place of publication, distribution, etc. Grahamstown,
Date of publication, distribution, etc. 1962.
490 0# - SERIES STATEMENT
Series statement Rhodes university, Grahamstown, South Africa. Insitute of Social and Economic Research. Occasional papers, no. 6
Linkage S10866.1
949 ## - LOCAL PROCESSING INFORMATION (OCLC)
a HQ1061
w lcc
i -155651
m MAIN
t BOOK
l ON-SHELF

No items available.

© 2026 - The University of Zambia Library - Koha v25.11